000 00721nam a2200181 i 4500
001 163097
003 ES-MaACL
005 20230906212652.0
008 050707s1832 fr | |||||||| ||fre d
040 _aCAM
_bspa
_cCAM
100 1 _aRecamier, Joseph Claude Anthelme.
_9131647
245 1 0 _aRecherches sur le traitement du choléra-morbus /
_cpar J.-C.-A. Récamier.
260 _aParis :
_bLibrairie Médicale de Gabon,
_c1832 (
_fImprimerie de Cosson)
300 _a56 p. ;
_c22 cm.
500 _aExtraites de la Revue Médicale, cahier de mars 1832, et augmentées d'un premier supplément.
650 4 _aCólera-
_xTratamiento.
_9157013
852 _aES-MaACL
_jT-485-F-2
_z-- Enc. hol.
_z-- Enc. en un vol. facticio
999 _c163097
_d163097